[Event "DVM U16 2017"]
[Site "Walldorf GER"]
[Date "2017.12.28"]
[Round "4"]
[White "Wacker, Andreas"]
[Black "Leonard, Timo"]
[Result "1/2-1/2"]
[Termination "normal"]
[Board "6.2"]
[WhiteElo "1823"]
[BlackElo "1762"]
[WhiteClock "00:14:23"]
[BlackClock "00:15:19"]
[WhiteTeam "SC 1997 Lambsheim"]
[BlackTeam "SV Hemer"]
[PlyCount "56"]
[WhiteFideId "12953083"]
[BlackFideId "16208757"]
[EventCountry "GER"]
[EventRounds "7"]
[EventType "team-swiss"]
[EventDate "2017.12.26"]

1. e4 e6 2. d3 d5 3. Nd2 Nf6 4. Ngf3 Nc6 5. g3 dxe4 6. dxe4 e5 7. Bg2 Bc5 8.
O-O O-O 9. Qe2 Bg4 10. Nb3 Bb6 11. Be3 Qe7 12. Rfd1 Rfd8 13. Bxb6 axb6 14. a3
Rxd1+ 15. Rxd1 Rd8 16. Rd3 Rxd3 17. Qxd3 Qd7 18. Qxd7 Nxd7 19. Nbd2 f6 20. Bf1
Be6 21. Nc4 Kf7 22. Be2 Nc5 23. Ncd2 Ne7 24. Ne1 Nc8 25. Nd3 Nxd3 26. Bxd3 Nd6
27. f3 g6 28. g4 Ke7 1/2-1/2

[Event "DVM U16 2017"]
[Site "Walldorf GER"]
[Date "2017.12.28"]
[Round "4"]
[White "Mai, Artur"]
[Black "Dalchow, Jonas"]
[Result "1/2-1/2"]
[Termination "normal"]
[Board "6.3"]
[WhiteElo "1578"]
[BlackElo "1758"]
[WhiteClock "00:11:11"]
[BlackClock "00:12:02"]
[WhiteTeam "SV Hemer"]
[BlackTeam "SC 1997 Lambsheim"]
[PlyCount "88"]
[WhiteFideId "16206851"]
[BlackFideId "12971251"]
[EventCountry "GER"]
[EventRounds "7"]
[EventType "team-swiss"]
[EventDate "2017.12.26"]

1. e4 c6 2. Nc3 d5 3. Qe2 dxe4 4. Nxe4 Bf5 5. d3 e6 6. g4 Bxe4 7. dxe4 Ne7 8.
Bd2 Ng6 9. O-O-O Nd7 10. f4 Bc5 11. Nf3 Qe7 12. h4 O-O-O 13. h5 Ngf8 14. Bc3 f6
15. g5 Nb6 16. Bh3 Nfd7 17. gxf6 gxf6 18. Nd4 Nf8 19. Rhg1 Kb8 20. Rg2 Na4 21.
Qc4 Nxc3 22. Qxc3 Qc7 23. Qxc5 Qxf4+ 24. Kb1 Nd7 25. Qc3 Nb6 26. Rgd2 Rde8 27.
Nxe6 Qxe4 28. Qg3+ Qe5 29. Qxe5+ fxe5 30. Ng7 Re7 31. Nf5 Ree8 32. Re2 Rhf8 33.
b3 Nd5 34. Kb2 Nf4 35. Ng7 Nxe2 36. Nxe8 Rxe8 37. Rd7 Nf4 38. Bf1 e4 39. Rxh7
e3 40. h6 e2 41. Bxe2 Nxe2 42. Rg7 Rh8 43. h7 Rxh7 44. Rxh7 a6 1/2-1/2

[Event "DVM U16 2017"]
[Site "Walldorf GER"]
[Date "2017.12.28"]
[Round "4"]
[White "Dalchow, Mario"]
[Black "Naumenko, Valerija"]
[Result "1/2-1/2"]
[Termination "normal"]
[Board "6.4"]
[WhiteElo "1619"]
[BlackElo "1493"]
[WhiteClock "00:34:27"]
[BlackClock "00:44:07"]
[WhiteTeam "SC 1997 Lambsheim"]
[BlackTeam "SV Hemer"]
[PlyCount "55"]
[WhiteFideId "12971421"]
[BlackFideId "16222890"]
[EventCountry "GER"]
[EventRounds "7"]
[EventType "team-swiss"]
[EventDate "2017.12.26"]

1. e4 e5 2. Nf3 Nc6 3. Bc4 Bc5 4. c3 Nf6 5. d4 exd4 6. cxd4 Bb4+ 7. Bd2 Bxd2+
8. Nbxd2 d5 9. exd5 Nxd5 10. Qb3 Na5 11. Qa4+ Nc6 12. Qb3 Nce7 13. O-O O-O 14.
Rfe1 c6 15. Ne4 Qc7 16. Nc3 Be6 17. Ng5 Qd7 18. Nxe6 fxe6 19. Bxd5 exd5 20. Qc2
Nf5 21. Rad1 Rf7 22. Re2 Re8 23. Rxe8+ Qxe8 24. Qd2 Re7 25. h3 Nd6 26. Kf1 Ne4
27. Nxe4 Rxe4 28. f3 1/2-1/2

[Event "DVM U16 2017"]
[Site "Walldorf GER"]
[Date "2017.12.28"]
[Round "4"]
[White "Reindl, Knut"]
[Black "Wendler, David"]
[Result "1/2-1/2"]
[Termination "normal"]
[Board "7.1"]
[WhiteElo "1814"]
[BlackElo "2123"]
[WhiteClock "00:13:40"]
[BlackClock "00:12:51"]
[WhiteTeam "SG Schwäbisch Gmünd"]
[BlackTeam "SK Bebenhausen"]
[PlyCount "82"]
[WhiteFideId "12946753"]
[BlackFideId "12938360"]
[EventCountry "GER"]
[EventRounds "7"]
[EventType "team-swiss"]
[EventDate "2017.12.26"]

1. c4 c5 2. Nf3 Nc6 3. g3 g6 4. Bg2 Bg7 5. Nc3 e5 6. a3 Nge7 7. O-O O-O 8. Ne1
d6 9. b4 Be6 10. d3 cxb4 11. axb4 e4 12. Bb2 exd3 13. exd3 d5 14. b5 Nd4 15.
Ra4 dxc4 16. dxc4 Rc8 17. Nd5 Bxd5 18. cxd5 Nxb5 19. Bxg7 Kxg7 20. Bh3 Rc7 21.
Ra5 a6 22. Qa1+ Kg8 23. Nf3 Qxd5 24. Bg2 Nc6 25. Ra2 Nbd4 26. Nxd4 Qxd4 27. Qb1
Nb4 28. Ra4 a5 29. Rxa5 Nc6 30. Rb5 Qa7 31. Qb2 Re8 32. Rb6 h5 33. Ra1 Qb8 34.
Bxc6 Rxc6 35. Rxb7 Qc8 36. Rb1 Qe6 37. Rb8 Rcc8 38. Rxc8 Rxc8 39. Rc1 Re8 40.
h4 Qd5 41. Qf6 Kh7 1/2-1/2

[Event "DVM U16 2017"]
[Site "Walldorf GER"]
[Date "2017.12.28"]
[Round "4"]
[White "Grimm, Ling Leander"]
[Black "Lang, Thomas"]
[Result "0-1"]
[Termination "normal"]
[Board "7.2"]
[WhiteElo "1830"]
[BlackElo "1749"]
[WhiteClock "00:09:22"]
[BlackClock "00:13:49"]
[WhiteTeam "SK Bebenhausen"]
[BlackTeam "SG Schwäbisch Gmünd"]
[PlyCount "88"]
[WhiteFideId "12968277"]
[BlackFideId "12982520"]
[EventCountry "GER"]
[EventRounds "7"]
[EventType "team-swiss"]
[EventDate "2017.12.26"]

1. e4 e6 2. Nf3 d5 3. e5 c5 4. b4 cxb4 5. a3 Nc6 6. d4 f6 7. Be2 fxe5 8. dxe5
Nge7 9. axb4 Nxb4 10. h4 Bd7 11. h5 Nc8 12. h6 g6 13. Nh4 Be7 14. Nxg6 hxg6 15.
Bh5 Bc6 16. Bxg6+ Kd7 17. Bf7 Qf8 18. Bxe6+ Kxe6 19. Rh5 Kd7 20. e6+ Kc7 21. g4
Qf6 22. Ra3 Nd6 23. Bg5 Qf8 24. Rf3 Qd8 25. Bf4 Kc8 26. Be5 Rh7 27. c3 Na6 28.
Qd4 Qb6 29. Qxb6 axb6 30. Bxd6 Bxd6 31. Rf7 Rxf7 32. exf7 Kd7 33. Rf5 Rh8 34.
g5 Bf8 35. Ke2 Nc7 36. Kf3 Ne6 37. Kg4 Ke7 38. Nd2 Rh7 39. f4 Rxf7 40. Rxf7+
Kxf7 41. f5 Nxg5 42. Kxg5 Be7+ 43. Kf4 Bf6 44. c4 d4 0-1

[Event "DVM U16 2017"]
[Site "Walldorf GER"]
[Date "2017.12.28"]
[Round "4"]
[White "Reindl, Jork"]
[Black "Greitmann, Niklas"]
[Result "0-1"]
[Termination "normal"]
[Board "7.3"]
[WhiteElo "1648"]
[BlackElo "1623"]
[WhiteClock "00:25:53"]
[BlackClock "00:04:09"]
[WhiteTeam "SG Schwäbisch Gmünd"]
[BlackTeam "SK Bebenhausen"]
[PlyCount "120"]
[WhiteFideId "16200152"]
[BlackFideId "16200705"]
[EventCountry "GER"]
[EventRounds "7"]
[EventType "team-swiss"]
[EventDate "2017.12.26"]

1. e4 c5 2. Nf3 Nc6 3. d4 cxd4 4. Nxd4 g6 5. Be3 Bg7 6. c4 Nf6 7. Nc3 Ng4 8.
Qxg4 Nxd4 9. Qd1 e5 10. Nd5 O-O 11. Bxd4 exd4 12. Bd3 d6 13. O-O Be6 14. Rb1
Rc8 15. Qb3 Bxd5 16. cxd5 Qe7 17. Rbe1 a6 18. Qb4 Qc7 19. f4 Rfd8 20. Qb3 Rf8
21. f5 Kh8 22. Qd1 Bh6 23. Qg4 Be3+ 24. Kh1 Qe7 25. f6 Qd8 26. Qh4 Re8 27. Rf3
Re5 28. g4 Rc5 29. Qg3 Bg5 30. h4 Bxf6 31. Ref1 Bg7 32. Rxf7 Rc7 33. h5 g5 34.
Rxc7 Qxc7 35. Qh3 Qe7 36. h6 Bf8 37. Qh5 Kg8 38. Rf5 Rxf5 39. gxf5 Qf6 40. Kg2
Qxh6 41. Qxh6 Bxh6 42. Kg3 Bg7 43. a4 h5 44. b4 Be5+ 45. Kg2 Kf7 46. b5 axb5
47. Bxb5 b6 48. Be2 g4 49. Kf2 Kf6 50. Bd3 Kg5 51. Bc2 h4 52. Kg2 h3+ 53. Kg1
g3 54. Bd3 Kf4 55. Be2 Kxe4 56. Bg4 h2+ 57. Kg2 Kf4 58. f6 Bxf6 59. Be2 Be5 60.
Bd1 Ke3 0-1

[Event "DVM U16 2017"]
[Site "Walldorf GER"]
[Date "2017.12.28"]
[Round "4"]
[White "Ortner, Jonas Ruben"]
[Black "Schmid, Tim"]
[Result "1-0"]
[Termination "normal"]
[Board "7.4"]
[WhiteElo "1845"]
[BlackElo "1055"]
[WhiteClock "00:18:24"]
[BlackClock "01:15:43"]
[WhiteTeam "SK Bebenhausen"]
[BlackTeam "SG Schwäbisch Gmünd"]
[PlyCount "73"]
[WhiteFideId "16235118"]
[BlackFideId "16255925"]
[EventCountry "GER"]
[EventRounds "7"]
[EventType "team-swiss"]
[EventDate "2017.12.26"]

1. e4 e5 2. Nf3 Nc6 3. Bc4 Bc5 4. c3 Nf6 5. d4 Bd6 6. O-O O-O 7. Re1 h6 8. Nbd2
Nh7 9. Nf1 Ng5 10. Bxg5 hxg5 11. h3 b6 12. Ng3 exd4 13. e5 Be7 14. cxd4 d6 15.
Qc2 g4 16. hxg4 Bxg4 17. Nh2 Qd7 18. e6 Bxe6 19. d5 Nb4 20. Qb3 Bxd5 21. Bxd5
Nxd5 22. Qxd5 c6 23. Qf5 Qc7 24. Rac1 b5 25. Qe4 Qd7 26. Qxe7 Qxe7 27. Rxe7 c5
28. Nf3 Rfe8 29. Rce1 Rxe7 30. Rxe7 Kf8 31. Rb7 b4 32. Ng5 d5 33. Rxf7+ Ke8 34.
Rxg7 Kf8 35. Ne6+ Ke8 36. Nf5 Rd8 37. Re7# 1-0

[Event "DVM U16 2017"]
[Site "Walldorf GER"]
[Date "2017.12.28"]
[Round "4"]
[White "Färber, David"]
[Black "Jakob, Georg"]
[Result "1/2-1/2"]
[Termination "normal"]
[Board "8.1"]
[WhiteElo "2147"]
[BlackElo "1959"]
[WhiteClock "00:19:58"]
[BlackClock "00:23:56"]
[WhiteTeam "SV 1947 Walldorf"]
[BlackTeam "SG Königskinder Hohentübingen"]
[PlyCount "45"]
[WhiteFideId "12971294"]
[BlackFideId "16224221"]
[EventCountry "GER"]
[EventRounds "7"]
[EventType "team-swiss"]
[EventDate "2017.12.26"]

1. e4 c5 2. Nf3 g6 3. d4 cxd4 4. Nxd4 Bg7 5. Nc3 Nc6 6. Be3 Nf6 7. Bc4 O-O 8.
Bb3 Re8 9. h4 e6 10. h5 d5 11. hxg6 fxg6 12. Qd2 Na5 13. exd5 exd5 14. O-O-O
Nxb3+ 15. axb3 a5 16. Nde2 a4 17. bxa4 b5 18. Qd4 Qa5 19. Qc5 b4 20. Qxa5 Rxa5
21. Nb5 Rxa4 22. Ng3 Ba6 23. Nc7 1/2-1/2

[Event "DVM U16 2017"]
[Site "Walldorf GER"]
[Date "2017.12.28"]
[Round "4"]
[White "Hofele, Mathis"]
[Black "Ivanov, Iliyan"]
[Result "0-1"]
[Termination "normal"]
[Board "8.2"]
[WhiteElo "1685"]
[BlackElo "1556"]
[WhiteClock "00:16:25"]
[BlackClock "00:21:24"]
[WhiteTeam "SG Königskinder Hohentübingen"]
[BlackTeam "SV 1947 Walldorf"]
[PlyCount "92"]
[WhiteFideId "12963844"]
[BlackFideId "16247329"]
[EventCountry "GER"]
[EventRounds "7"]
[EventType "team-swiss"]
[EventDate "2017.12.26"]

1. e4 e5 2. Nf3 Nc6 3. Bb5 a6 4. Ba4 Nf6 5. d3 b5 6. Bb3 d6 7. c3 Be7 8. O-O
O-O 9. Re1 Na5 10. Bc2 c5 11. Nbd2 Qc7 12. Nf1 Re8 13. Ne3 Bf8 14. h3 g6 15. d4
Bg7 16. d5 Bd7 17. Nh2 Re7 18. Neg4 Nxg4 19. Nxg4 Rf8 20. b3 Nb7 21. h4 h5 22.
Nh2 Qc8 23. Bg5 f6 24. Be3 Kh7 25. Qe2 f5 26. Bg5 Ref7 27. Rf1 f4 28. f3 Bf6
29. Bxf6 Rxf6 30. a4 Rg8 31. axb5 axb5 32. Kf2 g5 33. hxg5 Rxg5 34. Rh1 Rfg6
35. Rag1 Qg8 36. Qf1 Kg7 37. Bd3 Kf7 38. Bxb5 Qa8 39. Ba4 Bxa4 40. bxa4 Qxa4
41. Qe2 Qb3 42. Qd2 Na5 43. Nf1 Nc4 44. Qe2 Qxc3 45. g3 Nb2 46. Qb5 Qc2+ 0-1

[Event "DVM U16 2017"]
[Site "Walldorf GER"]
[Date "2017.12.28"]
[Round "4"]
[White "Baureis, Julian"]
[Black "Hurm, Moritz"]
[Result "0-1"]
[Termination "normal"]
[Board "8.3"]
[WhiteElo "1609"]
[BlackElo "1690"]
[WhiteClock "01:17:34"]
[BlackClock "00:57:20"]
[WhiteTeam "SV 1947 Walldorf"]
[BlackTeam "SG Königskinder Hohentübingen"]
[PlyCount "38"]
[WhiteFideId "12991112"]
[BlackFideId "16235150"]
[EventCountry "GER"]
[EventRounds "7"]
[EventType "team-swiss"]
[EventDate "2017.12.26"]

1. d4 Nf6 2. Nf3 e6 3. e3 b6 4. Bd3 Bb7 5. Nbd2 c5 6. c3 Nc6 7. O-O Qc7 8. Re1
Rc8 9. b3 cxd4 10. cxd4 Nb4 11. Nf1 Qc3 12. Bb2 Qxb2 13. a3 Nxd3 14. Qxd3 Be7
15. N1d2 Qc3 16. Qxc3 Rxc3 17. Rec1 Rxc1+ 18. Rxc1 O-O 19. b4 Rc8 0-1

[Event "DVM U16 2017"]
[Site "Walldorf GER"]
[Date "2017.12.28"]
[Round "4"]
[White "Hurm, Yannik"]
[Black "Zwecker, Hagen"]
[Result "0-1"]
[Termination "normal"]
[Board "8.4"]
[WhiteElo "1646"]
[BlackElo "1236"]
[WhiteClock "00:17:04"]
[BlackClock "00:35:48"]
[WhiteTeam "SG Königskinder Hohentübingen"]
[BlackTeam "SV 1947 Walldorf"]
[PlyCount "96"]
[WhiteFideId "16235169"]
[BlackFideId "12991007"]
[EventCountry "GER"]
[EventRounds "7"]
[EventType "team-swiss"]
[EventDate "2017.12.26"]

1. e4 e5 2. Nf3 Nc6 3. Bb5 a6 4. Ba4 Nf6 5. d3 b5 6. Bb3 Be7 7. O-O O-O 8. Re1
d6 9. c3 Na5 10. Bc2 c5 11. Nbd2 Re8 12. Nf1 Bf8 13. Ng3 g6 14. h3 Bg7 15. Be3
Qc7 16. Qd2 Bb7 17. b3 Rec8 18. a3 c4 19. dxc4 bxc4 20. b4 Nb3 21. Bxb3 cxb3
22. Bg5 Qxc3 23. Bxf6 Qxd2 24. Nxd2 Bxf6 25. Nxb3 Bd8 26. Red1 Rc3 27. Nc1 Be7
28. Nce2 Rc4 29. f3 Rac8 30. Nf1 Rc2 31. Kf2 Bc6 32. Ne3 Rb2 33. Rac1 Bd7 34.
Rxc8+ Bxc8 35. Nc4 Ra2 36. Nxd6 Be6 37. Ke1 Rxa3 38. f4 Bh4+ 39. Kf1 Bb3 40.
Rc1 Ra2 41. fxe5 Bc2 42. Nf4 Bg3 43. Nd5 Bxe5 44. Ne8 Bd3+ 45. Kg1 Bb5 46.
Nef6+ Kg7 47. Ng4 Bd4+ 48. Nge3 Re2 0-1

[Event "DVM U16 2017"]
[Site "Walldorf GER"]
[Date "2017.12.28"]
[Round "4"]
[White "Lieberwirth, Kasimir"]
[Black "Jahn, Felix"]
[Result "1-0"]
[Termination "normal"]
[Board "9.1"]
[WhiteElo "2034"]
[BlackElo "1648"]
[WhiteTeam "SG Turm Leipzig"]
[BlackTeam "BSG Grün-Weiß Leipzig"]
[PlyCount "95"]
[WhiteFideId "12988146"]
[BlackFideId "12983632"]
[EventCountry "GER"]
[EventRounds "7"]
[EventType "team-swiss"]
[EventDate "2017.12.26"]

1. e4 e6 2. Nc3 d5 3. d4 Nf6 4. Bg5 Be7 5. e5 Nfd7 6. Bxe7 Qxe7 7. Nb5 Nb6 8.
c3 a6 9. Na3 c5 10. Nc2 Nc6 11. f4 Bd7 12. Nf3 Rc8 13. Bd3 cxd4 14. Ncxd4 Nxd4
15. Nxd4 Nc4 16. Qe2 O-O 17. O-O f6 18. exf6 Rxf6 19. Rae1 g6 20. Bxc4 dxc4 21.
f5 gxf5 22. Rxf5 Rxf5 23. Nxf5 Qc5+ 24. Nd4 Re8 25. Qe5 Qxe5 26. Rxe5 Kf7 27.
Kf2 Kf6 28. Rh5 Kg6 29. Rc5 Rc8 30. Rxc8 Bxc8 31. Ke3 e5 32. Nf3 Bf5 33. Nxe5+
Kf6 34. Nxc4 Be6 35. b3 b5 36. Nd2 a5 37. c4 bxc4 38. Nxc4 a4 39. Nd2 axb3 40.
axb3 Ke5 41. Nf3+ Kd6 42. Nd4 Bd5 43. g4 Ke7 44. Kf4 Kf6 45. b4 Kg6 46. b5 h6
47. b6 Kf6 48. Nf5 1-0

[Event "DVM U16 2017"]
[Site "Walldorf GER"]
[Date "2017.12.28"]
[Round "4"]
[White "Rose, Noah"]
[Black "Buschmann, Julius"]
[Result "1/2-1/2"]
[Termination "normal"]
[Board "9.2"]
[WhiteElo "1565"]
[BlackElo "1585"]
[WhiteTeam "BSG Grün-Weiß Leipzig"]
[BlackTeam "SG Turm Leipzig"]
[PlyCount "73"]
[WhiteFideId "12990191"]
[BlackFideId "16255895"]
[EventCountry "GER"]
[EventRounds "7"]
[EventType "team-swiss"]
[EventDate "2017.12.26"]

1. e4 e5 2. Nf3 Nc6 3. Bc4 Bc5 4. c3 Nf6 5. d4 exd4 6. cxd4 Bb4+ 7. Nc3 Nxe4 8.
O-O Bxc3 9. d5 Ne7 10. bxc3 O-O 11. Qd3 Nf6 12. Bb3 d6 13. Bg5 Ng6 14. h3 h6
15. Bc1 Re8 16. Bb2 Ne4 17. Rfe1 Nc5 18. Qc2 Nxb3 19. axb3 b6 20. c4 Bd7 21.
Qc3 f6 22. Rxe8+ Qxe8 23. Re1 Qf7 24. Nd4 Re8 25. Ra1 a5 26. b4 axb4 27. Qxb4
Ne5 28. Qc3 Qg6 29. Kf1 Qd3+ 30. Qxd3 Nxd3 31. Bc3 Ne5 32. Ra7 Rc8 33. Nb5 Bxb5
34. cxb5 Nd3 35. g3 Kf8 36. Ke2 Nc5 37. Kf3 1/2-1/2

[Event "DVM U16 2017"]
[Site "Walldorf GER"]
[Date "2017.12.28"]
[Round "4"]
[White "Bosch, Jonael"]
[Black "Reichelt, Marius"]
[Result "1-0"]
[Termination "normal"]
[Board "9.3"]
[WhiteElo "1569"]
[BlackElo "1536"]
[WhiteTeam "SG Turm Leipzig"]
[BlackTeam "BSG Grün-Weiß Leipzig"]
[PlyCount "117"]
[WhiteFideId "16251253"]
[BlackFideId "16224019"]
[EventCountry "GER"]
[EventRounds "7"]
[EventType "team-swiss"]
[EventDate "2017.12.26"]

1. e4 e5 2. Nf3 Nc6 3. Bb5 d6 4. d4 exd4 5. Nxd4 Bd7 6. Nxc6 Bxc6 7. Bxc6+ bxc6
8. O-O Be7 9. c4 Rb8 10. Nc3 Bf6 11. Qc2 Ne7 12. Be3 a6 13. Rad1 O-O 14. b3 Re8
15. Rd3 Ng6 16. f3 Ne5 17. Rd2 Qe7 18. Rfd1 Rbd8 19. Ne2 Ng6 20. Nd4 Bxd4 21.
Bxd4 Ne5 22. Qb2 c5 23. Bxe5 dxe5 24. Rxd8 Rxd8 25. Rxd8+ Qxd8 26. Qxe5 Qd4+
27. Qxd4 cxd4 28. c5 f5 29. Kf2 fxe4 30. fxe4 Kf7 31. Ke2 Ke6 32. Kd3 Ke5 33.
c6 Kd6 34. Kxd4 Kxc6 35. b4 g5 36. g4 h6 37. a4 Kd6 38. h3 Kc6 39. Ke5 Kd7 40.
Kf6 c6 41. e5 Ke8 42. Ke6 a5 43. bxa5 c5 44. a6 Kf8 45. a7 h5 46. gxh5 g4 47.
hxg4 c4 48. a8=Q+ Kg7 49. g5 c3 50. Qc6 c2 51. Qxc2 Kg8 52. a5 Kh8 53. a6 Kg8
54. Kf5 Kf7 55. a7 Ke7 56. h6 Kd7 57. h7 Ke7 58. Qc7+ Kf8 59. h8=Q# 1-0

[Event "DVM U16 2017"]
[Site "Walldorf GER"]
[Date "2017.12.28"]
[Round "4"]
[White "Westphal, Simon"]
[Black "Kreicarek, Tobias"]
[Result "1-0"]
[Termination "normal"]
[Board "9.4"]
[WhiteElo "1426"]
[BlackElo "1415"]
[WhiteTeam "BSG Grün-Weiß Leipzig"]
[BlackTeam "SG Turm Leipzig"]
[PlyCount "133"]
[WhiteFideId "16255917"]
[BlackFideId "16255909"]
[EventCountry "GER"]
[EventRounds "7"]
[EventType "team-swiss"]
[EventDate "2017.12.26"]

1. e4 d5 2. exd5 Nf6 3. d4 Nxd5 4. Nf3 Bg4 5. Be2 Nc6 6. O-O e6 7. Be3 Bd6 8.
Nbd2 Nf6 9. Nc4 O-O 10. h3 Bh5 11. Re1 Re8 12. Nfe5 Bxe2 13. Rxe2 Bxe5 14. Nxe5
Nxe5 15. dxe5 Nd5 16. Bd2 Qe7 17. c4 Nb6 18. b3 Rad8 19. Qc1 h6 20. Qc2 Rd7 21.
Be3 Red8 22. Ree1 Rd3 23. Rad1 Qd7 24. Rxd3 Qxd3 25. Qxd3 Rxd3 26. Kf1 Nc8 27.
Ke2 Rd8 28. Rd1 Rxd1 29. Kxd1 a6 30. Kd2 Kh7 31. Bc5 Kg6 32. Kd3 Kf5 33. Ke3 g6
34. Bd4 g5 35. g4+ Kg6 36. Bc5 Kg7 37. Ke4 c6 38. a4 Kg6 39. f3 Kg7 40. a5 Kg6
41. Kd4 Kg7 42. b4 Kg6 43. Bf8 Kh7 44. Kc5 Kg6 45. b5 cxb5 46. cxb5 axb5 47.
Kxb5 Kh7 48. a6 bxa6+ 49. Kxa6 Kg6 50. Kb7 Na7 51. Kxa7 h5 52. Be7 Kh6 53. Kb7
Kg6 54. Bf6 Kh6 55. Kc7 Kg6 56. Kd7 Kh6 57. Ke7 Kg6 58. Ke8 hxg4 59. hxg4 Kh7
60. Kxf7 Kh6 61. Kxe6 Kg6 62. Ke7 Kh6 63. Kf7 Kh7 64. e6 Kh6 65. e7 Kh7 66.
e8=Q Kh6 67. Qh8# 1-0

[Event "DVM U16 2017"]
[Site "Walldorf GER"]
[Date "2017.12.28"]
[Round "4"]
[White "Schäfer, Nicolas"]
[Black "Yaroshenko, Yaroslav"]
[Result "1/2-1/2"]
[Termination "normal"]
[Board "10.1"]
[WhiteElo "1668"]
[BlackElo "1655"]
[WhiteTeam "SVG Saarbrücken"]
[BlackTeam "SK Gräfelfing"]
[PlyCount "58"]
[WhiteFideId "12988901"]
[BlackFideId "16204905"]
[EventCountry "GER"]
[EventRounds "7"]
[EventType "team-swiss"]
[EventDate "2017.12.26"]

1. d4 g6 2. c4 Bg7 3. e4 d6 4. Nc3 Nd7 5. Nf3 e5 6. d5 Ngf6 7. Be2 O-O 8. O-O
Nc5 9. Qc2 Ne8 10. b4 Na6 11. Ba3 f5 12. Ne1 f4 13. Nd3 Qg5 14. f3 Qh4 15. c5
g5 16. Nf2 Rf6 17. Ng4 Rg6 18. h3 h5 19. Nf2 Nf6 20. Qd3 g4 21. fxg4 hxg4 22.
Nxg4 Nxg4 23. Bxg4 Bxg4 24. hxg4 Qxg4 25. Qf3 dxc5 26. Qxg4 Rxg4 27. bxc5 Bf8
28. d6 cxd6 29. cxd6 Rd8 1/2-1/2

[Event "DVM U16 2017"]
[Site "Walldorf GER"]
[Date "2017.12.28"]
[Round "4"]
[White "Khamenya, Vitalia"]
[Black "Jenner, Meikel"]
[Result "1/2-1/2"]
[Termination "normal"]
[Board "10.2"]
[WhiteElo "1881"]
[BlackElo "1592"]
[WhiteTeam "SK Gräfelfing"]
[BlackTeam "SVG Saarbrücken"]
[PlyCount "48"]
[WhiteFideId "12959260"]
[BlackFideId "16245342"]
[EventCountry "GER"]
[EventRounds "7"]
[EventType "team-swiss"]
[EventDate "2017.12.26"]

1. d4 Nf6 2. Nf3 e6 3. e3 b6 4. Bd3 Be7 5. O-O O-O 6. Nbd2 Bb7 7. c3 c5 8. Qe2
d6 9. e4 Qc7 10. e5 Nfd7 11. exd6 Bxd6 12. Bxh7+ Kxh7 13. Ng5+ Kg8 14. h4 Nf6
15. Re1 Nbd7 16. Nf1 e5 17. Be3 Rfe8 18. Rac1 exd4 19. cxd4 Bf4 20. dxc5 bxc5
21. Qc4 Bxg5 22. hxg5 Ne5 23. Qh4 Ng6 24. Qc4 Ne5 1/2-1/2

[Event "DVM U16 2017"]
[Site "Walldorf GER"]
[Date "2017.12.28"]
[Round "4"]
[White "Zha, Kevin"]
[Black "Zieringer, Sebastian"]
[Result "1-0"]
[Termination "normal"]
[Board "10.3"]
[WhiteElo "1516"]
[BlackElo "1796"]
[WhiteTeam "SVG Saarbrücken"]
[BlackTeam "SK Gräfelfing"]
[PlyCount "105"]
[WhiteFideId "16208951"]
[BlackFideId "16222008"]
[EventCountry "GER"]
[EventRounds "7"]
[EventType "team-swiss"]
[EventDate "2017.12.26"]

1. e4 e5 2. Nf3 Nc6 3. d4 exd4 4. Nxd4 Nf6 5. Nc3 Bb4 6. Nxc6 bxc6 7. Bd3 h6 8.
O-O O-O 9. Qf3 Re8 10. Bd2 d5 11. exd5 Bxc3 12. Bxc3 Qxd5 13. Qg3 Qg5 14. Qxc7
Be6 15. Qe5 Qxe5 16. Bxe5 Bc4 17. Bxf6 Bxd3 18. cxd3 gxf6 19. Rfe1 Red8 20.
Rad1 Rab8 21. Rd2 Rb5 22. Kf1 Rbd5 23. Re3 c5 24. b3 a5 25. Ke2 a4 26. Kd1 Ra8
27. Kc2 axb3+ 28. axb3 Ra2+ 29. Kc3 Ra1 30. Ree2 Rc1+ 31. Rc2 Rd1 32. Red2 Rh1
33. h3 Re1 34. d4 cxd4+ 35. Rxd4 Rxd4 36. Kxd4 Rb1 37. Kc3 Kf8 38. Rb2 Rg1 39.
g3 Rh1 40. h4 Rc1+ 41. Rc2 Rb1 42. b4 Ke7 43. Rb2 Rc1+ 44. Kd4 Kd6 45. b5 Rd1+
46. Ke4 Kc7 47. b6+ Kb7 48. Rb5 Rd6 49. Kf5 Rc6 50. Kg4 Rd6 51. Kh5 f5 52. Rxf5
Kxb6 53. Rxf7 1-0

[Event "DVM U16 2017"]
[Site "Walldorf GER"]
[Date "2017.12.28"]
[Round "4"]
[White "Stepanov, Maximilian"]
[Black "Schmied, Elias"]
[Result "0-1"]
[Termination "normal"]
[Board "10.4"]
[WhiteElo "1303"]
[BlackElo "1475"]
[WhiteTeam "SK Gräfelfing"]
[BlackTeam "SVG Saarbrücken"]
[PlyCount "86"]
[WhiteFideId "16244680"]
[BlackFideId "16255879"]
[EventCountry "GER"]
[EventRounds "7"]
[EventType "team-swiss"]
[EventDate "2017.12.26"]

1. d4 d5 2. c4 c6 3. Nc3 Nf6 4. Nf3 e6 5. Bg5 Be7 6. e3 O-O 7. Bd3 Nbd7 8. O-O
dxc4 9. Bxc4 b5 10. Bb3 Bb7 11. a3 a6 12. Rc1 c5 13. dxc5 Nxc5 14. Qxd8 Rfxd8
15. Bc2 Nd3 16. Bxd3 Rxd3 17. Rfd1 Rad8 18. Rxd3 Rxd3 19. h3 h6 20. Bf4 Ne4 21.
Nxe4 Bxe4 22. Nd4 Rd2 23. Rc8+ Kh7 24. Rc7 Bf6 25. Nf3 Rxb2 26. Rxf7 Bxf3 27.
gxf3 e5 28. Bg3 Ra2 29. f4 exf4 30. Bxf4 Rxa3 31. Ra7 a5 32. Bc7 a4 33. Bd6
Ra1+ 34. Kg2 Bc3 35. e4 b4 36. e5 b3 37. e6 b2 38. e7 Re1 39. Rb7 Bf6 40. Rxb2
Bxb2 41. f4 a3 42. Bxa3 Bxa3 43. e8=Q Rxe8 0-1